01201nam a2200265Ia 4500001000600000003000900006008004100015040001300056040001300069041001300082100001800095100002900113245004300142245004300185250001100228260002100239260001200260260004900272300005700321500044200378650002800820650003100848700002700879700002900906C9469IT-RoPAU130308s9999 xx 000 0 und d aIT-RoPAU cIT-RoPAU aITALIANO aPaolini Elvio gCodice Aut. SPICS: 2898 aCatalogo nazionale delle videocassette bCatalogo Nazionale delle Videocassette a1a ed. aCARNAGO (VARESE) bSugarco c1994 [1° Ed.:1994 - Ed.Ling.Originale:1994] a"488 p. (prefazione: no ; testo: 488 [pagine: 0-0])" aPrimo Catalogo ragionato dell'Home Video. Riporta in Modo Sistematico tutti I titoli per la vendita Effettivamente Presenti Sul Mercato. Oltre 6600 titoli Divisi in varie Sezioni: Cinema (Parte Principale), Teatro, Musica Classica Lirica e Balletto, Musica Leggera Jazz e Rock, Televisione, Storia Etestimonianze, Natura e Viaggi, Arte e Religione, Scienza Didattica e Varie, Animazione, sport e Aerobica. indice Alfabetico degli Autori. aENCICLOPEDIE DEL CINEMA eCodice materia Spics: 6801 aDouglas Scotti Alberto gCodice Aut. SPICS: 43024